[Event "Pacific Coast op 13th"]
[Site "Agoura Hills"]
[Date "2008.07.18"]
[Round "2"]
[White "Landaw, Julian W"]
[Black "Agarwal, Rohan"]
[Result "1/2-1/2"]
[WhiteElo "2246"]
[BlackElo "2198"]
[PlyCount "40"]
[EventDate "2008.07.18"]
[EventType "swiss"]
[EventRounds "6"]
[EventCountry "USA"]
[SourceTitle "EXT 2024"]
[Source "ChessBase"]
[SourceDate "2023.10.10"]
[SourceVersion "1"]
[SourceVersionDate "2023.10.10"]
[SourceQuality "1"]

1. e4 e5 2. Nf3 d6 3. d4 f5 4. dxe5 fxe4 5. Ng5 d5 6. e6 Bc5 7. Qe2 Nc6 8. Qb5 Bb6 9. Nc3 Qf6 10. f4 exf3 11. Qxd5 f2+ 12. Kd1 Qe7 13. Bb5 Nf6 14. Bxc6+ Kf8 15. Qf3 bxc6 16. Nce4 Bxe6 17. Nxe6+ Qxe6 18. Nxf2 Bxf2 19. Qxf2 Qg4+ 20. Qe2 Qd4+ 1/2-1/2

[Event "CalChess Masters op"]
[Site "San Francisco"]
[Date "2007.09.29"]
[Round "2"]
[White "De Guzman, Ricardo"]
[Black "Agarwal, Rohan"]
[Result "0-1"]
[WhiteElo "2458"]
[BlackElo "2019"]
[PlyCount "96"]
[EventDate "2007.09.29"]
[EventType "swiss"]
[EventRounds "4"]
[EventCountry "USA"]
[SourceTitle "EXT 2008"]
[Source "ChessBase"]
[SourceDate "2007.11.25"]
[SourceVersion "1"]
[SourceVersionDate "2007.11.25"]
[SourceQuality "1"]

1. e4 e5 2. Nf3 d6 3. d4 f5 4. dxe5 fxe4 5. Ng5 d5 6. Nc3 Bb4 7. a3 Bxc3+ 8. bxc3 Nc6 9. Bb5 Nge7 10. c4 0-0 11. cxd5 Nxe5 12. Nxh7 Bg4 13. Qd4 N7c6 14. Bxc6 Nxc6 15. Qc3 Qxd5 16. Bb2 Rf7 17. Qg3 Qb5 18. Qxg4 Qxb2 19. 0-0 Kxh7 20. Qxe4+ Kg8 21. Rab1 Qd4 22. Qxd4 Nxd4 23. Rxb7 Nxc2 24. Rc1 Nd4 25. Rc4 Ne6 26. g3 c5 27. Rb3 Rd7 28. Re3 Rd4 29. Rc2 Kf7 30. f4 g6 31. Rf2 Kf6 32. Rfe2 Rd6 33. Rf2 c4 34. g4 Rd3 35. Re4 Rd4 36. g5+ Kf7 37. Re5 Rc8 38. f5 Nxg5 39. fxg6+ Kxg6 40. Rg2 Rd1+ 41. Kf2 Rd2+ 42. Re2 Rxe2+ 43. Kxe2 Kf5 44. Kd2 Ne4+ 45. Kc2 Rh8 46. a4 Rh3 47. Kb2 Rb3+ 48. Kc2 Ra3 0-1

[Event "California State-ch"]
[Site "San Jose"]
[Date "2006.05.20"]
[Round "3"]
[White "Agarwal, Rohan"]
[Black "Tang, Ryan"]
[Result "1-0"]
[WhiteElo "1788"]
[BlackElo "1480"]
[PlyCount "41"]
[EventDate "2006.04.20"]
[EventType "swiss"]
[EventRounds "6"]
[EventCountry "USA"]
[SourceTitle "EXT 2009"]
[Source "ChessBase"]
[SourceDate "2008.11.26"]
[SourceVersion "1"]
[SourceVersionDate "2008.11.26"]
[SourceQuality "1"]

1. e4 e5 2. d4 exd4 3. c3 dxc3 4. Bc4 Qe7 5. Nxc3 Nf6 6. Nf3 Qb4 7. Qe2 Bc5 8. 0-0 0-0 9. Bg5 c6 10. a3 Qb6 11. b4 Bxb4 12. axb4 Nxe4 13. Qxe4 d5 14. Bxd5 cxd5 15. Nxd5 Qb5 16. Ra5 Qd7 17. Nf6+ gxf6 18. Bxf6 h6 19. Rg5+ hxg5 20. Nxg5 Qf5 21. Qh4 1-0

[Event "California State-ch"]
[Site "San Jose"]
[Date "2006.05.20"]
[Round "2"]
[White "Ho, Matthew"]
[Black "Agarwal, Rohan"]
[Result "1-0"]
[WhiteElo "2282"]
[BlackElo "1788"]
[PlyCount "43"]
[EventDate "2006.04.20"]
[EventType "swiss"]
[EventRounds "6"]
[EventCountry "USA"]
[SourceTitle "EXT 2009"]
[Source "ChessBase"]
[SourceDate "2008.11.26"]
[SourceVersion "1"]
[SourceVersionDate "2008.11.26"]
[SourceQuality "1"]

1. e4 e5 2. Nc3 Nf6 3. Nf3 d5 4. exd5 Bd6 5. d4 e4 6. Ne5 h6 7. Be2 0-0 8. 0-0 Re8 9. f3 Bxe5 10. dxe5 Rxe5 11. Bf4 Re7 12. fxe4 Nxe4 13. Nxe4 Rxe4 14. Bd3 Re7 15. Qh5 c6 16. d6 Re6 17. Bg3 Rf6 18. Bc4 Be6 19. Bxe6 fxe6 20. Rxf6 Qxf6 21. Qe8+ Kh7 22. Rd1 1-0

[Event "Imre Konig Memorial g/45"]
[Site "San Francisco"]
[Date "2006.04.15"]
[Round "2"]
[White "Agarwal, Rohan"]
[Black "Kislik, Erik Andrew"]
[Result "0-1"]
[WhiteElo "1788"]
[BlackElo "1963"]
[PlyCount "85"]
[EventDate "2006.04.15"]
[EventType "swiss (rapid)"]
[EventRounds "5"]
[EventCountry "USA"]
[SourceTitle "EXT 2007"]
[Source "ChessBase"]
[SourceDate "2006.11.23"]
[SourceVersion "1"]
[SourceVersionDate "2006.11.23"]
[SourceQuality "1"]

1. e4 e5 2. Nf3 d5 3. exd5 Bd6 4. Bb5+ c6 5. dxc6 bxc6 6. Bc4 Nf6 7. d3 h6 8. 0-0 0-0 9. Nbd2 Bg4 10. h3 Bh5 11. Re1 Nbd7 12. a4 Nd5 13. Ne4 Bc7 14. g4 Bg6 15. Ng3 Kh8 16. g5 h5 17. Bxd5 cxd5 18. Nh4 e4 19. Nxh5 Ne5 20. Ng3 Qd7 21. Kg2 exd3 22. cxd3 d4 23. Rxe5 Bxe5 24. f4 Qc6+ 25. Nf3 Bc7 26. h4 Rae8 27. Bd2 Bxd3 28. Bb4 Bc2 29. Qd2 Bd6 30. Bxd6 Qxd6 31. Qxc2 Qxf4 32. Rd1 Re3 33. Qf2 Rfe8 34. Rxd4 Qc7 35. Rd2 Qc6 36. Nf5 Rb3 37. N5d4 Qxa4 38. Nxb3 Qxb3 39. Nd4 Qd5+ 40. Qf3 Qc4 41. Qc6 Rc8 42. Qxc4 Rxc4 43. Kf3 0-1

[Event "Fremont Weibel tt"]
[Site "Fremont"]
[Date "2006.02.24"]
[Round "?"]
[White "Agarwal, Rohan"]
[Black "Ho, Vincent"]
[Result "1-0"]
[WhiteElo "1782"]
[BlackElo "1184"]
[PlyCount "45"]
[EventDate "2006.01.06"]
[EventType "team"]
[EventRounds "5"]
[EventCountry "USA"]
[SourceTitle "EXT 2009"]
[Source "ChessBase"]
[SourceDate "2008.11.26"]
[SourceVersion "1"]
[SourceVersionDate "2008.11.26"]
[SourceQuality "1"]

1. d4 d5 2. c4 e5 3. dxe5 d4 4. Nf3 Nc6 5. g3 Be6 6. Nbd2 f6 7. exf6 Nxf6 8. Bg2 Bb4 9. 0-0 Bxd2 10. Nxd2 h5 11. h4 0-0 12. b3 Nb4 13. a3 Na6 14. Bb2 Nc5 15. b4 Na6 16. Bxb7 Rb8 17. Bxa6 d3 18. c5 dxe2 19. Qxe2 Ng4 20. Qxe6+ Kh8 21. Ne4 Nh6 22. Qxh6+ Kg8 23. Qxg7# 1-0

[Event "Fremont sim"]
[Site "Fremont"]
[Date "2005.12.12"]
[Round "?"]
[White "Agarwal, Rohan"]
[Black "Liou, Arthur"]
[Result "1-0"]
[WhiteElo "1705"]
[BlackElo "1637"]
[PlyCount "59"]
[EventDate "2005.12.09"]
[EventType "simul"]
[EventRounds "1"]
[EventCountry "USA"]
[SourceTitle "EXT 2009"]
[Source "ChessBase"]
[SourceDate "2008.11.26"]
[SourceVersion "1"]
[SourceVersionDate "2008.11.26"]
[SourceQuality "1"]

1. e4 e5 2. d4 exd4 3. c3 dxc3 4. Bc4 d5 5. Bxd5 Nf6 6. Nxc3 Bb4 7. Nf3 c6 8. Bxf7+ Ke7 9. Qxd8+ Rxd8 10. Bb3 Nxe4 11. 0-0 Nxc3 12. Bg5+ Ke8 13. bxc3 Bxc3 14. Bxd8 Bxa1 15. Rxa1 Kxd8 16. Rd1+ Kc7 17. Ng5 h6 18. Ne6+ Bxe6 19. Bxe6 b5 20. Rd4 Kb6 21. Rd8 Kb7 22. f4 Na6 23. Rd7+ Kb6 24. Rxg7 Nc5 25. f5 Nxe6 26. fxe6 Re8 27. Rg6 c5 28. Rxh6 Ka5 29. g4 c4 30. Kf2 1-0

[Event "Fremont sim"]
[Site "Fremont"]
[Date "2005.12.09"]
[Round "?"]
[White "Agarwal, Rohan"]
[Black "Leong, Kevin"]
[Result "1/2-1/2"]
[WhiteElo "1705"]
[BlackElo "1242"]
[PlyCount "60"]
[EventDate "2005.12.09"]
[EventType "simul"]
[EventRounds "1"]
[EventCountry "USA"]
[SourceTitle "EXT 2009"]
[Source "ChessBase"]
[SourceDate "2008.11.26"]
[SourceVersion "1"]
[SourceVersionDate "2008.11.26"]
[SourceQuality "1"]

1. e4 e5 2. f4 exf4 3. Nf3 Nc6 4. d4 Nf6 5. e5 Nd5 6. Bc4 Nb6 7. Bb3 d5 8. 0-0 Be7 9. Bxf4 Be6 10. Nc3 Qd7 11. Qd2 0-0-0 12. a4 Qe8 13. a5 Nc4 14. Bxc4 dxc4 15. b3 cxb3 16. cxb3 Qd7 17. Be3 h5 18. Rab1 h4 19. b4 Nxb4 20. a6 b6 21. Qe2 h3 22. g3 Qc6 23. Nb5 Kb8 24. Rfc1 Qd5 25. Rxc7 Rd7 26. Rxd7 Bxd7 27. Nc3 Qc6 28. e6 Bxe6 29. Ne4 Bd5 30. Rc1 Qg6 1/2-1/2

[Event "Fremont sim"]
[Site "Fremont"]
[Date "2005.12.09"]
[Round "?"]
[White "Agarwal, Rohan"]
[Black "Sahni, Saveen"]
[Result "1/2-1/2"]
[WhiteElo "1705"]
[BlackElo "1488"]
[PlyCount "22"]
[EventDate "2005.12.09"]
[EventType "simul"]
[EventRounds "1"]
[EventCountry "USA"]
[SourceTitle "EXT 2009"]
[Source "ChessBase"]
[SourceDate "2008.11.26"]
[SourceVersion "1"]
[SourceVersionDate "2008.11.26"]
[SourceQuality "1"]

1. e4 e5 2. d4 exd4 3. c3 d5 4. exd5 Nf6 5. cxd4 Qxd5 6. Nf3 Bg4 7. Be2 Nc6 8. Nc3 Bb4 9. 0-0 Bxc3 10. bxc3 0-0 11. Be3 Ne4 1/2-1/2

[Event "Fremont sim"]
[Site "Fremont"]
[Date "2005.12.09"]
[Round "?"]
[White "Agarwal, Rohan"]
[Black "Yieh, Pierson"]
[Result "0-1"]
[WhiteElo "1705"]
[BlackElo "609"]
[PlyCount "36"]
[EventDate "2005.12.09"]
[EventType "simul"]
[EventRounds "1"]
[EventCountry "USA"]
[SourceTitle "EXT 2009"]
[Source "ChessBase"]
[SourceDate "2008.11.26"]
[SourceVersion "1"]
[SourceVersionDate "2008.11.26"]
[SourceQuality "1"]

1. e4 e5 2. d4 Nc6 3. dxe5 Bb4+ 4. c3 Ba5 5. Nf3 d6 6. exd6 Nf6 7. Bg5 0-0 8. Bd3 Bg4 9. Nbd2 h6 10. h4 hxg5 11. hxg5 Qxd6 12. gxf6 Qxd3 13. fxg7 Kxg7 14. Qb3 Bb6 15. 0-0-0 Na5 16. Qb4 c5 17. Qa4 Rad8 18. e5 Bf5 0-1

[Event "Fremont Weibel Quads 4"]
[Site "Fremont"]
[Date "2005.11.19"]
[Round "2"]
[White "Agarwal, Rohan"]
[Black "Bodwin, Greg"]
[Result "1-0"]
[WhiteElo "1705"]
[BlackElo "1541"]
[PlyCount "47"]
[EventDate "2005.11.19"]
[EventType "swiss"]
[EventRounds "3"]
[EventCountry "USA"]
[SourceTitle "EXT 2009"]
[Source "ChessBase"]
[SourceDate "2008.11.26"]
[SourceVersion "1"]
[SourceVersionDate "2008.11.26"]
[SourceQuality "1"]

1. e4 c5 2. b4 b6 3. bxc5 bxc5 4. Nc3 Nc6 5. Bc4 e6 6. f4 Nf6 7. e5 d5 8. Bb5 Qb6 9. exf6 d4 10. Ne4 gxf6 11. Bxc6+ Qxc6 12. Qe2 Bb7 13. d3 f5 14. Nf6+ Ke7 15. Nf3 Kxf6 16. Qe5+ Kg6 17. g4 Qxf3 18. gxf5+ Kh5 19. f6+ Kh4 20. Qg5+ Kh3 21. Rg1 Kxh2 22. Rg4 Qh1+ 23. Kd2 Bg2 24. Bb2 1-0

[Event "Fremont Weibel Quads 4"]
[Site "Fremont"]
[Date "2005.11.19"]
[Round "3"]
[White "Sahni, Saveen"]
[Black "Agarwal, Rohan"]
[Result "0-1"]
[WhiteElo "1488"]
[BlackElo "1705"]
[PlyCount "68"]
[EventDate "2005.11.19"]
[EventType "swiss"]
[EventRounds "3"]
[EventCountry "USA"]
[SourceTitle "EXT 2009"]
[Source "ChessBase"]
[SourceDate "2008.11.26"]
[SourceVersion "1"]
[SourceVersionDate "2008.11.26"]
[SourceQuality "1"]

1. e4 e5 2. Nf3 d5 3. exd5 Bd6 4. Nc3 Nf6 5. Bc4 0-0 6. d3 h6 7. h3 c6 8. Be3 cxd5 9. Nxd5 Nxd5 10. Bxd5 Qa5+ 11. Qd2 Qxd5 12. 0-0 Bxh3 13. Bxh6 Qe6 14. Bxg7 Qg6 15. Qg5 Kxg7 16. gxh3 Nc6 17. Kh1 Rh8 18. Qxg6+ fxg6 19. Ng5 Be7 20. Ne4 Rxh3+ 21. Kg2 Rhh8 22. Rh1 Rxh1 23. Rxh1 Nb4 24. Kg3 Nd5 25. c3 Rf8 26. Nd2 Nf4 27. Nc4 Nxd3 28. f3 Kf6 29. Rd1 Rd8 30. Na5 b6 31. Nc6 Rd6 32. Nxa7 Nxb2 33. Rb1 Rd2 34. Nc8 Bc5 0-1

[Event "San Francisco Capps Memorial"]
[Site "San Francisco"]
[Date "2005.11.05"]
[Round "3"]
[White "Agarwal, Rohan"]
[Black "Sanguinetti, George A"]
[Result "1-0"]
[WhiteElo "1676"]
[BlackElo "1941"]
[PlyCount "88"]
[EventDate "2005.11.05"]
[EventType "swiss"]
[EventRounds "6"]
[EventCountry "USA"]
[SourceTitle "EXT 2024"]
[Source "ChessBase"]
[SourceDate "2023.10.10"]
[SourceVersion "1"]
[SourceVersionDate "2023.10.10"]
[SourceQuality "1"]

1. e4 c5 2. b4 cxb4 3. d4 d5 4. exd5 Qxd5 5. Nf3 Nc6 6. c4 bxc3 7. Nxc3 Qa5 8. d5 Qxc3+ 9. Bd2 Qf6 10. dxc6 bxc6 11. Rc1 Bd7 12. Bd3 h6 13. 0-0 e6 14. Qa4 Bd6 15. Bc3 Qf4 16. Qxf4 Bxf4 17. Bxg7 Bxc1 18. Rxc1 f6 19. Bg6+ Ke7 20. Bxh8 e5 21. Rd1 Be6 22. Nh4 Rb8 23. Nf5+ Bxf5 24. Bxf5 Kf7 25. Rd7+ Ne7 26. Bc2 Rxh8 27. Bb3+ Ke8 28. Rxa7 Kd8 29. Be6 Rh7 30. a4 Rg7 31. a5 f5 32. a6 Rg6 33. Rd7+ Ke8 34. Rd6 Rg4 35. f4 Rxf4 36. Bb3 Nc8 37. Rxc6 Kd7 38. Rxh6 Kc7 39. h4 Rb4 40. Be6 Ne7 41. h5 Ra4 42. Bb3 Ra3 43. Bc2 f4 44. Rf6 Nc6 1-0

[Event "Fremont Weibel Quads 1"]
[Site "Fremont"]
[Date "2005.06.25"]
[Round "3"]
[White "Agarwal, Rohan"]
[Black "Sahni, Saveen"]
[Result "1-0"]
[WhiteElo "1682"]
[BlackElo "1454"]
[PlyCount "85"]
[EventDate "2005.06.25"]
[EventType "swiss"]
[EventRounds "3"]
[EventCountry "USA"]
[SourceTitle "EXT 2009"]
[Source "ChessBase"]
[SourceDate "2008.11.26"]
[SourceVersion "1"]
[SourceVersionDate "2008.11.26"]
[SourceQuality "1"]

1. e4 e5 2. d4 exd4 3. c3 d5 4. exd5 Qxd5 5. cxd4 Nc6 6. Nf3 Bg4 7. Be2 0-0-0 8. Nc3 Bb4 9. 0-0 Qd7 10. Be3 Bxf3 11. Bxf3 Nf6 12. a3 Ba5 13. Qa4 Bb6 14. Bxc6 Qxc6 15. Qxc6 bxc6 16. Rad1 Rd7 17. Rd2 Ng4 18. h3 Nxe3 19. fxe3 Re8 20. Rf3 Rde7 21. Kf2 f6 22. Na4 Rd8 23. b4 Rd5 24. Nc5 Bxc5 25. bxc5 Red7 26. Rb2 Rg5 27. Rg3 Rdd5 28. Rxg5 fxg5 29. Kf3 Rd7 30. Rb4 Rf7+ 31. Kg3 h5 32. Rb2 g6 33. Re2 Kd7 34. h4 Rf6 35. e4 Rf4 36. hxg5 Rg4+ 37. Kf3 Ke6 38. Rb2 Kd7 39. Rb7 a5 40. Ra7 Rxg5 41. Rxa5 Rg4 42. g3 g5 43. Ra4 1-0

[Event "Fremont Weibel Quads 4"]
[Site "Fremont"]
[Date "2004.11.20"]
[Round "1"]
[White "Agarwal, Rohan"]
[Black "Jasthi, Sreekar"]
[Result "1/2-1/2"]
[WhiteElo "1453"]
[BlackElo "1353"]
[PlyCount "89"]
[EventDate "2004.11.20"]
[EventType "swiss"]
[EventRounds "3"]
[EventCountry "USA"]
[SourceTitle "EXT 2009"]
[Source "ChessBase"]
[SourceDate "2008.11.26"]
[SourceVersion "1"]
[SourceVersionDate "2008.11.26"]
[SourceQuality "1"]

1. e4 c5 2. b4 cxb4 3. d4 d6 4. Nf3 Nf6 5. Bd3 Nbd7 6. 0-0 e6 7. c3 bxc3 8. Nxc3 a6 9. Bf4 Be7 10. Re1 0-0 11. Qc2 h6 12. Rad1 b5 13. e5 dxe5 14. dxe5 Nd5 15. Nxd5 exd5 16. Nd4 Nb6 17. e6 Nc4 18. Nc6 Qe8 19. Nxe7+ Qxe7 20. exf7+ Qxf7 21. Bxc4 dxc4 22. Bd6 Rd8 23. Qe4 Bf5 24. Qe7 Qxe7 25. Bxe7 Rxd1 26. Rxd1 Re8 27. Bb4 Re2 28. a3 a5 29. Bxa5 Bc2 30. Re1 Rxe1+ 31. Bxe1 Kf7 32. f3 Ke6 33. Kf2 Kd5 34. Ke3 h5 35. h4 g6 36. g4 hxg4 37. fxg4 Bd1 38. g5 Bc2 39. Bc3 Bf5 40. Kf4 Bc2 41. Ba1 Bf5 42. Bh8 Bc2 43. Ke3 Bf5 44. Bg7 Bc2 45. Bf6 1/2-1/2

[Event "Calchess State Scholastics"]
[Site "Santa Clara"]
[Date "2004.03.20"]
[Round "3"]
[White "Agarwal, Rohan"]
[Black "Samuelian, Armen"]
[Result "1/2-1/2"]
[WhiteElo "1212"]
[BlackElo "1339"]
[PlyCount "48"]
[EventDate "2004.03.20"]
[EventType "team"]
[EventRounds "6"]
[EventCountry "USA"]
[SourceTitle "EXT 2007"]
[Source "ChessBase"]
[SourceDate "2006.11.23"]
[SourceVersion "1"]
[SourceVersionDate "2006.11.23"]
[SourceQuality "1"]

1. e4 e5 2. Nf3 Nc6 3. Bc4 Bc5 4. 0-0 Nf6 5. Nc3 d6 6. d3 Bg4 7. h3 Bh5 8. Be3 Bb6 9. Re1 Ne7 10. Bg5 Neg8 11. Nd5 c6 12. Nc3 Qd7 13. Qe2 a6 14. a3 h6 15. Be3 Bc7 16. Rad1 d5 17. exd5 cxd5 18. Bb3 d4 19. Bxd4 Bxf3 20. Qxf3 Qxd4 21. Qxb7 Qa7 22. Ba4+ Nd7 23. Bxd7+ Kxd7 24. Qd5+ Ke8 1/2-1/2